تاريخ المسيحية والرهبنة وآثارهما في إيبارشيات أسيوط / Tārīkh al-Masīḥīyah wa-al-rahbanah wa-āthāruhumā fī Ībārshīyāt Asyūṭ
Main Author:
Other Authors:
Format: Book
Published:
Cairo :
Muʼassasat Sān Mārk li-Tawthīq al-Turāth,
2021.
Series:
Silsilat Tārīkh Ībārshīyāt Miṣr wa-Āthārahā al-Qibṭīyah,
6
Subjects:
Tags: Add Tag
Call Number: BX134.5 .A89 H55 v.1
| LEADER | 00917nam a22002297a 4500 | ||
|---|---|---|---|
| 003 | OSt | ||
| 005 | 20260511104910.0 | ||
| 008 | 260511t2021 ua |||||||||| ||Arb|| | ||
| 020 | |a 9789779083049 | ||
| 050 | 1 | 4 | |a BX134.5 .A89 |b H55 v.1 |
| 100 | |a Lūqā ʻAbduh | ||
| 245 | 1 | 0 | |a تاريخ المسيحية والرهبنة وآثارهما في إيبارشيات أسيوط / Tārīkh al-Masīḥīyah wa-al-rahbanah wa-āthāruhumā fī Ībārshīyāt Asyūṭ |
| 264 | 1 | |a Cairo : |b Muʼassasat Sān Mārk li-Tawthīq al-Turāth, |c 2021. | |
| 300 | |a 616 Page : |c 21 cm. | ||
| 490 | 0 | |a Silsilat Tārīkh Ībārshīyāt Miṣr wa-Āthārahā al-Qibṭīyah, |v 6 | |
| 650 | 4 | |a Assiout (Égypte : Gouvernorat) Histoire | |
| 650 | 4 | |a Asyūṭ (Egypt : Province) History | |
| 650 | 4 | |a Asyūṭ (Egypt) History | |
| 650 | 4 | |a Christian shrines | |
| 700 | 1 | |a Midḥat Ḥamalī |d author. | |
| 942 | |2 lcc |c BK | ||
| 999 | |c 58313 |d 58313 | ||
